000 00323nam a22001337a 4500
008 171009b xxu||||| |||| 00| 0 eng d
020 _a0471996904
041 _aeng
080 _a159.9
100 _a49
101 _aPSI
245 _aEMERGING STRATEGIES IN SOCIAL PSYCHOLOGICAL RESEARCH
_cGINSBURG,G.P
942 _2udc
_cBK
999 _c32459
_d32459